The Simpsons: Click a Food Quiz Stats

 Plays Quiz Updated Sep 3, 2016

Challenge
Share
Tweet
Score 0/20 Timer 05:00
1 Play Today
% Correct
Krusty O's
90.1%
Grilled Crayon Sandwich
88.7%
Floor Pie
88.6%
Ribwich
88%
Tomacco
87.6%
Flaming Homer
86%
Squishee
85.6%
Powersauce Bars
84.1%
Gummi Venus de Milo
82.8%
Forget Me Shot
82.1%
% Correct
Caramel Cod
81.3%
Guatemalan Insanity Pepper
80.7%
Duff Beer
80.4%
Jim Jam Cereal
76.7%
Good Morning Burger
73.8%
Grade F Meat
62.9%
Nuts and Gum
61.7%
Krusty Brand Imitation Gruel
60%
WWII Beans
46.9%
Red Tick Beer
39.5%

You're not logged in!

Compare scores with friends on all Sporcle quizzes.
OR
Log In

You Might Also Like...

Show Comments

Extras

Top Quizzes Today


Score Distribution

Your Account Isn't Verified!

In order to create a playlist on Sporcle, you need to verify the email address you used during registration. Go to your Sporcle Settings to finish the process.

Report this User

Report this user for behavior that violates our Community Guidelines.

Details: